00690nam a22001817a 4500003000200000005001700002008004100019050002600060100002100086245006300107260007300170300006200243500004100305504005600346650003500402650003900437650003200476020250204151512.0250204b xxu||||| |||| 00| 0 eng d aLB 1027.3 b.T63 2023 aTobias, Kacey C. aA webcomic featuring the 5cs of the SISC.cKacey C. Tobias aLas Pinas City.bSouthville International School and Colleges.c2023 avi, 67 pages:bcolored pictures and illustrations;c28cm. aBachelor of Arts in Multimedia Arts. aIncludes bibliographical references and appendices. aWebcomics – Educational Use. aDigital Storytelling in Education. aGraphic Novels in Teaching.